000 00623cam a22002293a 4500
001 18353
003 PGUSA
005 20140828083406.0
008 060508s2006||||xxu|||||s|||||000 1 eng d
040 _aPGUSA
_beng
042 _adc
050 4 _aPQ
100 1 _aMaupassant, Guy de,
_d1850-1893
245 1 0 _aLa petite roque
_h[electronic resource] /
_cGuy de Maupassant
260 _bProject Gutenberg,
_c2006
506 _aPublic domain in the USA.
516 _aElectronic text
653 _aFrench fiction
830 0 _aProject Gutenberg
_v18353
856 4 0 _uhttp://www.gutenberg.org/ebooks/18353
942 _cEB
999 _c247608
_d247608